00297nam a2200109Ia 4500008004100000041000800041082001600049100001800065245004100083260003900124300002400163240624s9999 xx 000 0 und d aeng a299.936 HUB aHUBBARD L RON aDIANETICS THE EVOLUTION OF A SCIENCE c2007aDenmarkbNew Era Publication a213 : p. : cm. ; 24